000 00686nam a2200289Ia 4500
005 20260324150806.0
008 008 260324s9999 xx 000 0 eng d
020 _a9781315742595
037 _aEBOOK
040 _aCRL
040 _beng
040 _cCRL
041 _2eng
041 _aeng
084 _qCRL
100 _aHarold J. Laski
245 4 _aThe Danger of Being a Gentleman (Works of Harold J. Laski)
245 4 _bAnd Other Essays
260 _bTaylor and Francis
260 _c1939
365 _a
365 _b230
856 _uhttp://www.taylorfrancis.com/books/9781315742595
942 _cEBOOK
999 _c1837722
_d1837722